Greys Anatomy Characters - Statistics

General Stats
  • This quiz has been taken 256 times
  • The average score is 38 of 121
Answer Stats
Answer % Correct
1 Dr. Meredith Grey
99%
5 Dr. Alexander "Alex" Karev
90%
13 Dr. Alexandra "Lexie" Grey
89%
6 Dr. Cristina Yang
89%
3 Dr. Miranda Bailey
88%
2 Dr. Derek Shepherd
85%
7 Dr. Isobel "Izzie" Stevens
85%
51 Dr. Ellis Grey
84%
82 Derek Bailey Shepherd
82%
4 Dr. Richard Webber
82%
12 Dr. Mark Sloan
81%
8 Dr. George O'Malley
79%
11 Dr. Calliope "Callie" Torres
75%
24 Dr. Amelia Shepherd
73%
14 Dr. Owen Hunt
72%
15 Dr. Arizona Robbins
71%
18 Dr. Jackson Avery
71%
9 Dr. Preston Burke
68%
10 Dr. Addison Montgomery
65%
67 Thatcher Grey
65%
17 Dr. April Kepner
64%
81 Zola Grey Shepherd
64%
20 Dr. Josephine "Jo" Wilson
63%
63 Adele Webber
62%
83 Ellis Grey Shepherd
59%
40 Dr. Megan Hunt
54%
91 Elena Bailey
54%
90 William Bailey
54%
16 Dr. Theodora "Teddy" Altman
52%
26 Dr. Margaret "Maggie" Pierce
50%
68 Eileen Grey
49%
85 Nancy Shepherd
49%
86 Kathleen Shepherd
48%
87 Liz Shepherd
48%
25 Dr. Erica Hahn
45%
32 Dr. Andrew DeLuca
44%
71 Helen Karev
44%
72 Aaron Karev
43%
73 Amber Karev
43%
76 Allison Hunt
42%
19 Dr. Benjamin "Ben" Warren
42%
75 Leo Hunt
42%
33 Dr. Carina DeLuca
41%
78 Farouk Shami Hunt
41%
79 Sofia Sloan-Torres
41%
64 Harold O'Malley
37%
94 Carlos Torres
35%
21 Dr. Stephanie Edwards
35%
28 Dr. Atticus "Link" Lincoln
34%
115 Dr. Michelle Lin
34%
34 Dr. Nathan Riggs
32%
35 Dr. Levi Schmitt
31%
95 Luna Wilson
31%
66 Denny Duquette
30%
93 Bill Pierce
29%
92 Diane Pierce
29%
22 Dr. Shane Ross
29%
23 Dr. Leah Murphy
28%
46 Dr. Lucas Adams
28%
30 Dr. Winston Ndugu
28%
43 Dr. Heather Brooks
25%
27 Dr. Tom Koracick
25%
36 Dr. Taryn Helm
24%
98 Rosalind Warren
24%
84 Scout Derek Shepherd Lincoln
23%
31 Dr. Nick Marsh
21%
29 Dr. Cormac Hayes
20%
97 Hattie Lincoln
20%
96 Peyton Lincoln
20%
48 Dr. Jules Millin
18%
61 Dr. Nico Kim
18%
47 Dr. Mika Yasuda
17%
49 Dr. Benson "Blue" Kwan
15%
58 Dr. Penelope "Penny" Blake
14%
45 Dr. Simone Griffith
14%
100 Rose
13%
106 Henry Burton
12%
54 Dr. Sam Bello
11%
70 Rebecca "Ava" Pope
11%
60 Dr. Eliza Minnick
10%
116 Dr. Kai Bartley
10%
104 Dr. Robert Stark
10%
55 Dr. Lucy Fields
9%
57 Dr. Nicole Herman
9%
39 Dr. Casey Parker
8%
118 Dr. Monica Beltran
8%
102 Dr. Sadie Harris
7%
103 Gary Clark
7%
80 Sloan Riley
7%
37 Dr. Dahlia Qadri
6%
41 Dr. Paul Stadler
6%
53 Dr. Sydney Heron
6%
50 Dr. Wes Bryant
6%
113 Dr. Zander Perez
6%
107 Matthew Taylor
6%
88 William George "Tuck" Bailey Jones
6%
42 Dr. Isaac Cross
5%
99 Dean Miller
4%
114 Dr. David Hamilton
4%
117 Dr. Jordan Wright
4%
59 Dr. Mitchell Spencer
4%
38 Dr. Vik Roy
4%
110 Kyle Diaz
4%
77 Betty Nelson/ Britney Dickinson
3%
109 Dr. Emma Marling
3%
52 Dr. Raj Sen
3%
74 Jimmy Evans
3%
120 Mary Portman
3%
119 Amanda
2%
111 Cece Colvin
2%
44 Dr. Hannah Brody
2%
56 Dr. Julia Canner
2%
101 Dr. Norman Shales
2%
105 Eli Lloyd
2%
89 Joey Phillips
2%
65 Louise O'Malley
2%
69 Molly Grey-Thompson
2%
108 Dr. Jason Mayers
1%
112 Gemma Larson
1%
62 Olivia Jankovic
1%
121 Val Ashton
0%
No matching quizzes found
Score Distribution
Percent of People with Each Score
Percentile by Number Answered
Your Score History
You have not taken this quiz